Strategic retail management text and international cases

Saved in:
Bibliographic Details
Main Author: Zentes, Joachim
Other Authors: Morschett, Dirk, Schramm-Klein, Hanna
Format: Book
Language:English
Published: Wiesbaden Gabler 2007
Subjects:
Tags: Add Tag
No Tags, Be the first to tag this record!

MARC

LEADER 00000nam$a2200000$$$4500
001 0101014
005 20240226134324.9
020 |a 978-3-8349-0287-0 
041 0 |a eng 
044 |a DE 
245 1 0 |a Strategic retail management  |b text and international cases  |c Joachim Zentes, Dirk Morschett, Hanna Schramm-Klein 
264 1 |a Wiesbaden  |b Gabler  |c 2007 
300 |a 366 s. 
610 2 0 |a maloobchod 
610 2 0 |a manažment strategický 
610 2 0 |a štúdie prípadové 
610 2 0 |a marketing strategický 
610 2 0 |a marketing mix 
610 2 0 |a nákup 
610 2 0 |a logistika 
100 1 |a Zentes, Joachim 
700 1 |a Morschett, Dirk 
700 1 |a Schramm-Klein, Hanna